000 00694cam a22002174a 4500
008
020 _a9780273708483 (pbk. )
049 _aMAIN
090 _aHD30.25
_bBRA
100 1 _aBrandon-Jones, Alistair.
245 1 0 _aQuantitative analysis in operations management /
_cAlistair Brandon-Jones [and] Nigel Slack.
260 _aHarlow :
_bFinancial Times Prentice Hall,
_c2008.
300 _ax, 164 p. :
_bill. ;
_c26 cm.
650 0 _aIndustrial management
_xMathematical models.
700 1 _aSlack, Nigel.
907 _a.b10307266
_b18-06-12
_c07-02-12
003
005 20230123125431.0
040 _cNUST
942 _cBOOKS
_kHD30.25
_mBRA
999 _c141420
_d141420